Problesm andd Solutitons in Advanced Accountancy Vol2 (Record no. 344859)

000 -LEADER
fixed length control field 00440 a2200157 4500
020 ## - INTERNATIONAL STANDARD BOOK NUMBER
International Standard Book Number 0706999622
082 ## - DEWEY DECIMAL CLASSIFICATION NUMBER
Classification number 657.046
090 ## - LOCALLY ASSIGNED LC-TYPE CALL NUMBER (OCLC); LOCAL CALL NUMBER (RLIN)
-- 2361
-- 2361
100 ## - MAIN ENTRY--PERSONAL NAME
Personal name Maheshwari, S. N.
245 ## - TITLE STATEMENT
Title Problesm andd Solutitons in Advanced Accountancy Vol2
Statement of responsibility, etc. S. N. Maheshwari
250 ## - EDITION STATEMENT
Edition statement Fourth Revised Edition
260 ## - PUBLICATION, DISTRIBUTION, ETC.
Place of publication, distribution, etc. New Delhi
Name of publisher, distributor, etc. Vikas Publishing House
Date of publication, distribution, etc. 1998
300 ## - PHYSICAL DESCRIPTION
Extent 3.139p
500 ## - GENERAL NOTE
General note Paper cover
942 ## - ADDED ENTRY ELEMENTS (KOHA)
Institution code [OBSOLETE] NBS
Koha item type Book
Call number prefix 657.046 MAH
Holdings
Withdrawn status Lost status Damaged status Not for loan Permanent Location Current Location Date acquired Total Checkouts Full call number Barcode Date last seen Price effective from Koha item type
        Central Library (CL) Central Library (CL) 08/28/2013   657.046 MAH NBS2395 08/28/2013 08/28/2013 Book
        Central Library (CL) Central Library (CL) 08/28/2013   657.046 MAH NBS2394 08/28/2013 08/28/2013 Book
© 2023 Central Library, National University of Sciences and Technology. All Rights Reserved.